000 00420 a2200169 4500
003 NUST
005 20230209142531.0
040 _cNust
082 _a954.91,RAJ
100 _aRajput
245 _aDiary of principal events /
_cRajput
260 _aLondon
_bAddison Wesely
_c1935
300 _a288 p.;
505 _aContents not Available
650 _aDiary of principal events
_9108804
942 _2ddc
_cBK
_k954.91,RAJ
999 _c186738
_d186738